Flexibilná interná dokumentácia dopravného podniku
Schopnosť dostať tie pravé informácie k pravým ľuďom v čo najkratšom čase sa stáva v súčasnosti dôležitejším strategickým faktorom úspechu dopravného podniku. Úspech dopravného podniku a jeho aktivít závisí predovšetkým od pružnosti systému riadenia.
Enregistré dans:
| Auteur principal: | |
|---|---|
| Autres auteurs: | , |
| Format: | Chapitre de livre |
| Langue: | slovaque |
| Sujets: | |
| Tags: |
Pas de tags, Soyez le premier à ajouter un tag!
|
MARC
| LEADER | 00000nla a2200000 4500 | ||
|---|---|---|---|
| 001 | 0178298 | ||
| 005 | 20221020082724.2 | ||
| 041 | 0 | |a slo | |
| 044 | |a SK | ||
| 245 | 1 | 0 | |a Flexibilná interná dokumentácia dopravného podniku |c Dagmar Hrašková, Alžbeta Bieliková, Darina Chlebíková |
| 520 | |a Schopnosť dostať tie pravé informácie k pravým ľuďom v čo najkratšom čase sa stáva v súčasnosti dôležitejším strategickým faktorom úspechu dopravného podniku. Úspech dopravného podniku a jeho aktivít závisí predovšetkým od pružnosti systému riadenia. | ||
| 610 | 2 | 0 | |a systémy informačné manažérske |
| 610 | 2 | 0 | |a systémy riadenia |
| 610 | 2 | 0 | |a riadenie kvality |
| 610 | 2 | 0 | |a podnik dopravný |
| 610 | 2 | 0 | |a doprava |
| 610 | 2 | 0 | |a informácie |
| 100 | 1 | |a Hrašková, Dagmar | |
| 700 | 1 | |a Bieliková, Alžbeta | |
| 700 | 1 | |a Chlebíková, Darina | |